Fifa 21 Gold Premier League Players - Statistics

General Stats
  • This quiz has been taken 99 times
  • The average score is 116 of 317
Answer Stats
Rating Club Nation Player % Correct
87 Manchester City Portugal Bernardo Silva
98%
80 Manchester United England Dean Henderson
98%
83 Tottenham Hotspur England Dele Alli
98%
88 Tottenham Hotspur England Harry Kane
98%
87 Tottenham Hotspur South Korea Heung-Min Son
98%
86 Leicester City England Jamie Vardy
98%
86 Liverpool England Jordan Henderson
98%
91 Manchester City Belgium Kevin De Bruyne
98%
90 Liverpool Egypt Mohamed Salah
98%
90 Liverpool Senegal Sadio Mane
98%
89 Manchester City Argentina Sergio Aguero
98%
85 Chelsea Brazil Thiago Silva
98%
90 Liverpool Brazil Alisson
95%
87 Manchester United Portugal Bruno Fernandes
95%
88 Manchester City Brazil Ederson
95%
88 Chelsea France N'Golo Kante
95%
90 Liverpool Netherlands Virgil Van Dijk
95%
86 Manchester United Spain David De Gea
93%
87 Tottenham Hotspur France Hugo Lloris
93%
85 Manchester United England Marcus Rashford
93%
87 Arsenal Gabon Pierre-Emerick Aubameyang
93%
88 Manchester City England Raheem Sterling
93%
87 Liverpool England Trent Alexander-Arnold
93%
87 Liverpool Brazil Fabinho
91%
86 Manchester United France Paul Pogba
91%
87 Liverpool Brazil Roberto Firmino
91%
85 Liverpool Spain Thiago Alcantara
89%
87 Manchester City France Aymeric Laporte
86%
85 Manchester City England Kyle Walker
86%
85 Manchester City Algeria Riyad Mahrez
86%
81 Manchester City Portugal Ruben Dias
86%
85 Chelsea Germany Kai Havertz
84%
85 Manchester City Spain Rodri
84%
84 Arsenal Ghana Thomas Partey
84%
84 Manchester City Brazil Fernandinho
82%
85 Arsenal Germany Bernd Leno
80%
83 Liverpool Cameroon Joel Matip
80%
85 Chelsea Germany Timo Werner
80%
85 Chelsea Morocco Hakim Ziyech
77%
83 Crystal Palace Ivory Coast Wilfried Zaha
77%
83 Manchester City Brazil Gabriel Jesus
75%
83 Chelsea Italy Jorginho
75%
84 Leicester City Denmark Kasper Schmeichel
75%
83 Chelsea Croatia Mateo Kovacic
75%
84 Manchester United France Anthony Martial
73%
80 Liverpool Portugal Diogo Jota
73%
83 Manchester City Germany Ilkay Gundogan
73%
83 Manchester City Portugal Joao Cancelo
73%
83 Wolves Portugal Joao Moutinho
73%
83 Liverpool England Joe Gomez
73%
84 Wolves Mexico Raul Jimenez
73%
85 Leicester City Portugal Ricardo Pereira
73%
81 Everton Brazil Richarlison
73%
82 Wolves Portugal Ruben Neves
73%
81 Manchester United Brazil Fred
70%
85 Liverpool Netherlands Georginio Wijnaldum
70%
82 Manchester United England Harry Maguire
70%
82 Everton Colombia James Rodriguez
70%
80 Manchester City England John Stones
70%
76 West Bromwich Albion Brazil Matheus Pereira
70%
79 Manchester City England Phil Foden
70%
81 Manchester United England Luke Shaw
68%
83 Arsenal Norway Martin Odegaard
68%
84 Chelsea Spain Cesar Azpilicueta
66%
83 Tottenham Hotspur Wales Gareth Bale
66%
83 Newcastle United Slovakia Martin Dubravka
66%
85 Tottenham Hotspur Belgium Toby Alderweireld
66%
84 Leicester City Nigeria Wilfred Ndidi
66%
83 Manchester United England Aaron Wan-Bissaka
61%
83 Arsenal France Alexandre Lacazette
61%
81 Manchester City France Benjamin Mendy
61%
79 Chelsea Senegal Edouard Mendy
61%
81 Leicester City England James Maddison
61%
84 Everton France Lucas Digne
61%
81 Liverpool Guinea Naby Keita
61%
81 West Ham United Czech Republic Tomas Soucek
61%
81 Leicester City Belgium Youri Tielemans
61%
81 Chelsea United States Christian Pulisic
59%
80 Aston Villa England Jack Grealish
59%
80 Liverpool England James Milner
59%
83 Tottenham Hotspur Brazil Lucas Moura
59%
80 Chelsea England Mason Mount
59%
81 Chelsea Spain Marcos Alonso
57%
84 Wolves Portugal Rui Patricio
57%
83 Everton Brazil Allan
55%
81 Chelsea Germany Antonio Rudiger
55%
77 Burnley England Ashley Barnes
55%
83 Manchester United Netherlands Donny Van De Beek
55%
79 Leicester City England Harvey Barnes
55%
82 Arsenal Ivory Coast Nicolas Pepe
55%
80 Manchester United Sweden Victor Lindelof
55%
80 Tottenham Hotspur Wales Ben Davies
52%
77 Manchester United Wales Daniel James
52%
78 Arsenal Brazil Gabriel Magalhaes
52%
82 Tottenham Hotspur Argentina Giovani Lo Celso
52%
80 Arsenal Switzerland Granit Xhaka
52%
81 Everton England Jordan Pickford
52%
81 West Ham United Poland Lukasz Fabianski
52%
82 Burnley England Nick Pope
52%
81 Leeds United Brazil Raphinha
52%
77 Chelsea England Reece James
52%
82 Leeds United Spain Rodrigo
52%
75 Everton England Tom Davies
52%
81 Tottenham Hotspur Colombia Davinson Sanchez
50%
82 Chelsea Spain Kepa
50%
83 Wolves Portugal Nelson Semedo
50%
75 Manchester United England Phil Jones
50%
81 Liverpool Switzerland Xherdan Shaqiri
50%
84 Manchester United Brazil Alex Telles
48%
81 Chelsea England Ben Chilwell
48%
80 Manchester United Serbia Nemanja Matic
48%
78 Aston Villa Argentina Emiliano Martinez
45%
79 Manchester United Spain Juan Mata
45%
81 Tottenham Hotspur Ireland Matt Doherty
45%
80 Manchester United Argentina Sergio Romero
45%
83 Tottenham Hotspur Netherlands Steven Bergwijn
45%
82 Arsenal Brazil Willian
45%
79 Wolves Spain Adama Traore
43%
80 Arsenal Brazil David Luiz
43%
80 Manchester City Ukraine Oleksandr Zinchenko
43%
82 Fulham France Alphonse Areola
41%
75 Aston Villa Brazil Douglas Luiz
41%
80 Burnley England James Tarkowski
41%
80 Leicester City Northern Ireland Jonny Evans
41%
80 Chelsea France Kurt Zouma
41%
82 Tottenham Hotspur Spain Sergio Reguilon
41%
80 Southampton England Danny Ings
39%
81 Manchester City Spain Ferran Torres
39%
76 Burnley England Jay Rodriguez
39%
77 West Ham United England Jesse Lingard
39%
77 Manchester United England Mason Greenwood
39%
80 Tottenham Hotspur Denmark Pierre-Emile Hojbjerg
39%
79 West Ham United England Declan Rice
36%
79 Everton England Dominic Calvert-Lewin
36%
79 Manchester United Ivory Coast Eric Bailly
36%
80 Tottenham Hotspur Argentina Erik Lamela
36%
79 Manchester United Scotland Scott McTominay
36%
79 Everton Ireland Seamus Coleman
36%
78 West Ham United Czech Republic Vladimir Coufal
36%
78 Everton Colombia Yerry Mina
36%
79 Liverpool England Alex Oxlade-Chamberlain
34%
79 Chelsea Denmark Andreas Christensen
34%
78 Burnley New Zealand Chris Wood
34%
79 Chelsea Italy Emerson Palmieri
34%
78 Everton England Michael Keane
34%
80 Wolves France Willy Boly
34%
80 Newcastle United France Allan Saint-Maximin
32%
79 Everton Portugal Andre Gomes
32%
79 Burnley England Ben Mee
32%
80 Leicester City Turkey Caglar Soyuncu
32%
76 Crystal Palace England Joel Ward
32%
81 Wolves Spain Jonny
32%
80 Arsenal Australia Mathew Ryan
32%
79 Manchester City Netherlands Nathan Ake
32%
78 Chelsea England Tammy Abraham
32%
75 Arsenal England Bukayo Saka
30%
79 Wolves England Conor Coady
30%
77 Liverpool Belgium Divock Origi
30%
78 Tottenham Hotspur England Eric Dier
30%
80 Arsenal Spain Hector Bellerin
30%
79 Southampton England James Ward-Prowse
30%
76 Aston Villa England Ollie Watkins
30%
80 Tottenham Hotspur Ivory Coast Serge Aurier
30%
79 Leicester City Spain Ayoze Perez
27%
78 Arsenal Scotland Kieran Tierney
27%
78 Wolves Morocco Romain Saiss
27%
78 Aston Villa England Ross Barkley
27%
80 Tottenham Hotspur France Tanguy Ndombele
27%
78 Everton France Abdoulaye Doucoure
25%
80 Arsenal Spain Dani Ceballos
25%
78 Newcastle United Switzerland Fabian Schar
25%
79 Everton Iceland Gylfi Sigurdsson
25%
77 West Ham United England Jarrod Bowen
25%
78 West Ham United England Michail Antonio
25%
79 Sheffield United Norway Sander Berge
25%
80 Crystal Palace Spain Vicente Guaita
25%
78 Newcastle United England Callum Wilson
23%
78 Wolves Portugal Daniel Podence
23%
75 Crystal Palace England Eberechi Eze
23%
79 West Ham United Spain Pablo Fornals
23%
78 Fulham England Ruben Loftus-Cheek
23%
75 Sheffield United England Aaron Ramsdale
20%
77 Brighton & Hove Albion England Adam Lallana
20%
79 Tottenham Hotspur England Harry Winks
20%
77 Southampton Poland Jan Bednarek
20%
79 Tottenham Hotspur France Moussa Sissoko
20%
79 Chelsea France Olivier Giroud
20%
77 Fulham Serbia Aleksandar Mitrovic
18%
77 Crystal Palace England Gary Cahill
18%
76 Leeds United England Kalvin Phillips
18%
78 Brighton & Hove Albion Belgium Leandro Trossard
18%
79 Crystal Palace Serbia Luka Milivojevic
18%
75 West Bromwich Albion Scotland Matt Phillips
18%
80 Wolves Brazil Willian Jose
18%
77 Southampton England Alex McCarthy
16%
75 Brighton & Hove Albion England Ben White
16%
78 Everton Brazil Bernard
16%
76 Crystal Palace Ireland James McCarthy
16%
76 Liverpool Greece Kostas Tsimikas
16%
78 Wolves Belgium Leander Dendoncker
16%
78 West Ham United Argentina Manuel Lanzini
16%
78 Newcastle United Paraguay Miguel Almiron
16%
78 Southampton England Nathan Redmond
16%
77 Brighton & Hove Albion France Neal Maupay
16%
75 Arsenal Spain Pablo Mari
16%
77 West Ham United Algeria Said Benrahma
16%
77 Southampton Japan Takumi Minamino
16%
76 Southampton England Theo Walcott
16%
75 Aston Villa England Tyrone Mings
16%
77 West Ham United England Aaron Cresswell
14%
75 Manchester United England Brandon Williams
14%
79 Tottenham Hotspur Brazil Carlos Vinicius
14%
76 Leicester City Belgium Dennis Praet
14%
77 Southampton Denmark Jannik Vestergaard
14%
75 Newcastle United Brazil Joelinton
14%
77 Everton Norway Joshua King
14%
78 Brighton & Hove Albion England Lewis Dunk
14%
77 Everton England Mason Holgate
14%
75 Aston Villa England Matty Cash
14%
79 Aston Villa France Morgan Sanson
14%
78 Southampton England Ryan Bertrand
14%
77 Leicester City Belgium Timothy Castagne
14%
78 Aston Villa England Tom Heaton
14%
76 Liverpool Spain Adrian
11%
75 Arsenal England Calum Chambers
11%
75 Brighton & Hove Albion England Dan Burn
11%
78 Burnley England Dwight McNeil
11%
77 Newcastle United Argentina Federico Fernandez
11%
77 West Ham United France Issa Diop
11%
76 Aston Villa Scotland John McGinn
11%
77 Crystal Palace Ghana Jordan Ayew
11%
78 Crystal Palace Belgium Michy Batshuayi
11%
76 Arsenal Egypt Mohamed Elneny
11%
77 Liverpool Turkey Ozan Kabak
11%
75 Leeds United Spain Pablo Hernandez
11%
75 Chelsea Argentina Willy Caballero
11%
75 Brighton & Hove Albion Argentina Alexis Mac Allister
9%
77 Everton Nigeria Alex Iwobi
9%
77 West Ham United Ukraine Andriy Yarmolenko
9%
79 Tottenham Hotspur England Danny Rose
9%
76 Wolves Brazil Fernando Marcal
9%
76 Crystal Palace France Jean-Philippe Mateta
9%
77 Newcastle United England Jonjo Shelvey
9%
75 West Ham United England Mark Noble
9%
75 Burnley England Matthew Lowton
9%
77 Newcastle United Scotland Matt Ritchie
9%
75 Newcastle United Wales Paul Dummett
9%
75 West Bromwich Albion England Sam Johnstone
9%
76 West Bromwich Albion England Ainsley Maitland-Niles
7%
77 Fulham Cameroon Andre Zambo Anguissa
7%
77 Crystal Palace England Andros Townsend
7%
77 West Ham United Italy Angelo Ogbonna
7%
75 Aston Villa Netherlands Anwar El Ghazi
7%
78 Burnley England Ashley Westwood
7%
77 Crystal Palace Senegal Cheikhou Kouyate
7%
77 Sheffield United England Chris Basham
7%
76 Leeds United Spain Diego Llorente
7%
77 Burnley England Jack Cork
7%
78 Sheffield United England Jack O'Connell
7%
77 Newcastle United England Jamaal Lascelles
7%
78 Everton Ivory Coast Jean-Philippe Gbamin
7%
75 Newcastle United Ireland Jeff Hendrick
7%
77 Brighton & Hove Albion Netherlands Joel Veltman
7%
78 Sheffield United Ireland John Egan
7%
75 Southampton England Kyle Walker-Peters
7%
76 Leicester City England Marc Albrighton
7%
77 Fulham Gabon Mario Lemina
7%
76 Aston Villa England Matt Targett
7%
75 Arsenal England Rob Holding
7%
75 Brighton & Hove Albion England Solly March
7%
75 Aston Villa Egypt Trezeguet
7%
75 Brighton & Hove Albion Mali Yves Bissouma
7%
76 Manchester City United States Zack Steffen
7%
75 Brighton & Hove Albion England Adam Webster
5%
77 West Ham United DR Congo Arthur Masuaku
5%
76 Arsenal Portugal Cedric Soares
5%
77 Burnley England Charlie Taylor
5%
78 Sheffield United Ireland Enda Stevens
5%
77 Sheffield United England George Baldock
5%
75 Fulham Portugal Ivan Cavaleiro
5%
75 Crystal Palace Scotland James McArthur
5%
76 Crystal Palace England James Tomkins
5%
76 Fulham Denmark Joachim Andersen
5%
77 Burnley Iceland Johann Gudmundsson
5%
77 Sheffield United Scotland John Fleck
5%
76 Sheffield United England John Lundstram
5%
75 West Bromwich Albion England Kieran Gibbs
5%
75 Leeds United England Luke Ayling
5%
76 Crystal Palace France Mamadou Sakho
5%
75 Crystal Palace England Martin Kelly
5%
75 Aston Villa Zimbabwe Marvelous Nakamba
5%
75 Southampton Mali Moussa Djenepo
5%
77 West Bromwich Albion Turkey Okay Yokuslu
5%
75 Sheffield United Scotland Oliver McBurnie
5%
77 Sheffield United Northern Ireland Oliver Norwood
5%
75 Southampton Spain Oriol Romeu
5%
77 Brighton & Hove Albion Germany Pascal Gross
5%
77 Crystal Palace Netherlands Patrick Van Aanholt
5%
75 Burnley Ireland Robbie Brady
5%
77 West Bromwich Albion Scotland Robert Snodgrass
5%
76 West Ham United England Ryan Fredericks
5%
76 Aston Villa Brazil Wesley Moraes
5%
76 Newcastle United Ireland Ciaran Clark
2%
75 Burnley England Dale Stephens
2%
75 West Ham United Ireland Darren Randolph
2%
76 Brighton & Hove Albion Netherlands Davy Propper
2%
75 West Ham United Paraguay Fabian Balbuena
2%
77 Everton England Fabian Delph
2%
76 Southampton England Fraser Forster
2%
77 Newcastle United England Isaac Hayden
2%
75 Southampton England Jack Stephens
2%
76 Newcastle United Spain Javier Manquillo
2%
76 Southampton Ghana Mohammed Salisu
2%
76 Leeds United Germany Robin Koch
2%
76 Southampton Scotland Stuart Armstrong
2%
76 Fulham Scotland Tom Cairney
2%
75 Crystal Palace Wales Wayne Hennessey
2%
No matching quizzes found
Score Distribution
Percent of People with Each Score
Percentile by Number Answered
Your Score History
You have not taken this quiz